[Event "ENG-ch Seniors 65"]
[Site "Solihull"]
[Date "2019.04.06"]
[Round "5"]
[White "Adaway, William"]
[Black "Wiltshire, Michael R"]
[Result "1/2-1/2"]
[WhiteElo "1863"]
[BlackElo "1801"]
[PlyCount "42"]
[EventDate "2019.04.04"]
[EventType "swiss"]
[EventRounds "6"]
[EventCountry "ENG"]
[SourceTitle "CBM 190 Extra"]
[Source "ChessBase"]
[SourceDate "2019.07.15"]
[SourceVersion "1"]
[SourceVersionDate "2019.07.15"]
[SourceQuality "1"]

1. e4 b6 2. d4 Bb7 3. Bd3 g6 4. f4 Bg7 5. Nf3 e6 6. 0-0 Ne7 7. c3 d6 8. Na3 a6 9. Qe2 Nd7 10. Be3 h6 11. Rad1 0-0 12. Qd2 f5 13. e5 Bxf3 14. Rxf3 d5 15. Qe2 b5 16. Nc2 Nb6 17. b3 c6 18. Bc1 Kh7 19. h3 Rg8 20. Kh1 Bf8 21. Ba3 Rg7 1/2-1/2

[Event "ENG-ch Seniors 65"]
[Site "Solihull"]
[Date "2019.04.06"]
[Round "4"]
[White "Wiltshire, Michael R"]
[Black "Hibbitt, Arthur M"]
[Result "1-0"]
[WhiteElo "1801"]
[BlackElo "1771"]
[PlyCount "71"]
[EventDate "2019.04.04"]
[EventType "swiss"]
[EventRounds "6"]
[EventCountry "ENG"]
[SourceTitle "CBM 190 Extra"]
[Source "ChessBase"]
[SourceDate "2019.07.15"]
[SourceVersion "1"]
[SourceVersionDate "2019.07.15"]
[SourceQuality "1"]

1. d4 g6 2. Bf4 Bg7 3. e3 c5 4. c3 cxd4 5. cxd4 Nf6 6. Nc3 d5 7. Be2 a6 8. h3 0-0 9. Nf3 Nbd7 10. 0-0 e6 11. Bg5 h6 12. Bh4 g5 13. Bg3 Nh7 14. Bd6 Re8 15. Ne5 Nxe5 16. dxe5 f6 17. Bh5 fxe5 18. Bxe8 Qxe8 19. Na4 Qd8 20. Bc5 b5 21. Nb6 Rb8 22. Nxc8 Rxc8 23. b4 Nf6 24. Rc1 Ne4 25. a4 Nxc5 26. Rxc5 Rxc5 27. bxc5 b4 28. Qb3 a5 29. e4 Qd7 30. exd5 exd5 31. Rd1 Bf6 32. Qxd5+ Qxd5 33. Rxd5 b3 34. c6 b2 35. Rb5 Bd8 36. Rxb2 1-0

[Event "Beacon Seniors op"]
[Site "Exmouth"]
[Date "2008.11.17"]
[Round "1"]
[White "Jones, Sidney A"]
[Black "Wiltshire, Michael R"]
[Result "0-1"]
[WhiteElo "1280"]
[BlackElo "1656"]
[PlyCount "42"]
[EventDate "2008.11.17"]
[EventType "swiss"]
[EventRounds "5"]
[EventCountry "ENG"]
[SourceTitle "EXT 2011"]
[Source "ChessBase"]
[SourceDate "2010.11.26"]
[SourceVersion "1"]
[SourceVersionDate "2010.11.26"]
[SourceQuality "1"]

1. Nf3 d5 2. d4 e6 3. g3 Nf6 4. Bg2 Be7 5. 0-0 0-0 6. Bg5 c6 7. Nbd2 Nbd7 8. Re1 Ne4 9. Bxe7 Qxe7 10. c3 f5 11. Nxe4 fxe4 12. Nd2 e5 13. e3 Nf6 14. Qb3 Kh8 15. dxe5 Qxe5 16. h3 Qh5 17. Qd1 Qh6 18. Qe2 Bxh3 19. Qf1 Bxg2 20. Qxg2 Ng4 21. Re2 Rf5 0-1

[Event "Beacon Juniors op"]
[Site "Exmouth"]
[Date "2006.11.15"]
[Round "3"]
[White "Price, Anthony R"]
[Black "Wiltshire, Michael R"]
[Result "1-0"]
[WhiteElo "1472"]
[BlackElo "1768"]
[PlyCount "65"]
[EventDate "2006.11.13"]
[EventType "swiss"]
[EventRounds "5"]
[EventCountry "ENG"]
[SourceTitle "EXT 2008"]
[Source "ChessBase"]
[SourceDate "2007.11.25"]
[SourceVersion "1"]
[SourceVersionDate "2007.11.25"]
[SourceQuality "1"]

1. e4 e5 2. f4 exf4 3. Nf3 d5 4. exd5 Qxd5 5. Nc3 Qd8 6. d4 Bd6 7. Bc4 Nf6 8. Qe2+ Qe7 9. Qxe7+ Bxe7 10. Bxf4 c6 11. 0-0 0-0 12. Rae1 Bb4 13. Ng5 Be6 14. Nxe6 fxe6 15. Rxe6 Kh8 16. Ne4 Nxe4 17. Rxe4 Nd7 18. c3 Nf6 19. Re6 Ba5 20. Bd6 Rfe8 21. Be5 Ng4 22. Rxe8+ Rxe8 23. Rf7 Nxe5 24. dxe5 b5 25. Bb3 h6 26. e6 Bb6+ 27. Kf1 Bc5 28. Ke2 Bb6 29. Kf3 Kg8 30. Ke4 a5 31. Ke5 a4 32. Bc2 Rf8 33. Bh7+ 1-0

[Event "Beacon Juniors op"]
[Site "Exmouth"]
[Date "2006.11.13"]
[Round "1"]
[White "Plechaty, George"]
[Black "Wiltshire, Michael R"]
[Result "1/2-1/2"]
[WhiteElo "1264"]
[BlackElo "1768"]
[PlyCount "96"]
[EventDate "2006.11.13"]
[EventType "swiss"]
[EventRounds "5"]
[EventCountry "ENG"]
[SourceTitle "EXT 2008"]
[Source "ChessBase"]
[SourceDate "2007.11.25"]
[SourceVersion "1"]
[SourceVersionDate "2007.11.25"]
[SourceQuality "1"]

1. d4 d5 2. Bf4 e6 3. Nf3 Nf6 4. h3 a6 5. c3 Bd6 6. Bxd6 cxd6 7. e3 0-0 8. Bd3 b5 9. Nbd2 Bb7 10. Qb1 Nbd7 11. 0-0 g6 12. Rc1 Re8 13. Bf1 Ne4 14. Qd3 f5 15. Qe2 Ndf6 16. Nxe4 dxe4 17. Ne1 f4 18. exf4 Nh5 19. g3 Qf6 20. Ng2 Ng7 21. Qe3 Nf5 22. Qd2 h5 23. Ne3 h4 24. Nxf5 exf5 25. Qe3 d5 26. Bg2 Re7 27. Kh2 Rg7 28. Rg1 hxg3+ 29. fxg3 Qd6 30. Bf1 Bc8 31. Be2 g5 32. Rg2 g4 33. h4 Rc7 34. Bf1 Bb7 35. Rc2 Rac8 36. a3 Kg7 37. Kg2 Qb6 38. Kf2 Kf6 39. Qd2 a5 40. Rac1 Rc6 41. Ke3 Ba6 42. Qh2 Qd8 43. a4 bxa4 44. Bxa6 Rxa6 45. c4 dxc4 46. Rxc4 Rxc4 47. Rxc4 Qd5 48. Qc2 Rb6 1/2-1/2